20 titres les plus écoutés de Stupeflip - Statistiques

Statistiques générales
  • Ce quiz a été pris 21 fois
  • Le résultat moyen est 8 sur 20
Statistiques - réponses
Nb. d'écoutes Album % Correct
+ 3 799 000 Stupeflip
100%
+ 43 000 000 The Hypnoflip Invasion
94%
+ 32 000 000 Stup Virus
78%
+ 7 000 000 Terrora !! (EP)
61%
+ 5 869 000 The Hypnoflip Invasion
50%
+ 5 599 000 The Hypnoflip Invasion
50%
+ 23 000 000 The Hypnoflip Invasion
44%
+ 6 111 000 Stup Forever
44%
+ 3 735 000 The Hypnoflip Invasion
33%
+ 9 000 000 Stup Forever
33%
+ 6 343 000 Stupeflip
28%
+ 6 251 000 The Hypnoflip Invasion
22%
+ 4 236 000 The Hypnoflip Invasion
22%
+ 4 679 000 Stup Religion
22%
+ 10 000 000 Stup Virus
17%
+ 3 733 000 Stup Forever
17%
+ 3 190 000 Stup Virus
17%
+ 6 447 000 Stup Virus
17%
+ 6 480 000 Stup Virus
11%
+ 3 510 000 Stup Forever
11%
Aucun quiz correspondant
Distribution des résultats
% des personnes avec chaque résultat
Percentile par nombre de réponses
Votre historique - résultats
Vous n’avez pas pris ce quiz